Geography Quiz

Random Geography or City Quiz

Isogram European Capitals Quiz Stats

 Plays Quiz Updated Mar 16, 2017

Also try: Isogram Europe
Challenge
Share
Tweet
Embed
Score 0/17 Timer 04:00
2 Plays Today
Capital % Correct
Paris
94.4%
Rome
91.6%
Berlin
91.3%
Lisbon
88.5%
Dublin
83.9%
Athens
82.6%
Bern
80.6%
Budapest
76%
Riga
75.5%
Capital % Correct
Prague
75.1%
Kyiv
73.8%
Bucharest
69.3%
Zagreb
68.4%
Sofia
66%
Minsk
63%
Vaduz
57%
Skopje
49.2%

You're not logged in!

Compare scores with friends on all Sporcle quizzes.
Join for Free
OR
Log In

You Might Also Like...

Show Comments

Extras

Top Quizzes Today


Score Distribution

Your Account Isn't Verified!

In order to create a playlist on Sporcle, you need to verify the email address you used during registration. Go to your Sporcle Settings to finish the process.

Report this User

Report this user for behavior that violates our Community Guidelines.

Details: